| 000 | 01795nam a22002537a 4500 | ||
|---|---|---|---|
| 999 |
_c59783 _d59783 |
||
| 003 | Ge_BSU | ||
| 005 | 20230418111420.0 | ||
| 008 | 230418s2008 ge ||||| |||| 00| 0 geo d | ||
| 020 | _a9789994064410 | ||
| 041 | _ageo | ||
| 080 | _a087.5:94(32) კ-59 | ||
| 100 |
_aკლდიაშვილი, ანა _917656 |
||
| 245 |
_aძველი ეგვიპტე / _cანა კლდიაშვილი; [რედ.-გამომც. ლაშა ბერაია]; მხატვარი, დიზაინერი მარინა ვაშაყმაძე. |
||
| 264 |
_aთბილისი : _bლოგოს-პრესი, _c[2008]. |
||
| 300 |
_a60 გვ. : _bილ. ; _c 29 სმ. |
||
| 490 | _aხელოვნების ისტორია მოზარდებისათვის | ||
| 500 | _aგარეკანის პირველ გვ.: ფარაონი ჰორემჰები ქალღმერთი ჰათორის წინაშე. რელიეფი (ფრაგმენტი). | ||
| 500 | _aგარეკანის ბოლო გვ.: ამონის ტაძარი. სეთი I-ისა და რამზეს II-ის ჰიპოსტილური დარბაზი. კარნაკი. ძვ.წ.აღ. XIV ს-ის II ნახ. | ||
| 653 | _aძველი ეგვიპტის ისტორია | ||
| 653 | _aძველი ეგვიპტის ხელოვნების ისტორია | ||
| 700 |
_aბერაია, ლაშა _eრედ.-გამომც. _917657 |
||
| 700 |
_aვაშაყმაძე, მარინა _eმხატვარი, დიზაინერი _917658 |
||
| 942 |
_2udc _cBK |
||